| 000 | 00684nam a22001937a 4500 | ||
|---|---|---|---|
| 003 | 0 | ||
| 005 | 20240110095221.0 | ||
| 008 | 240110b xxu||||| |||| 00| 0 eng d | ||
| 020 | _a978-0-367-55822-2 | ||
| 050 |
_aPN 4775 _b.B35 2022 |
||
| 100 | _aBaleria, Gina | ||
| 245 |
_aThe journalism behind journalism : going beyond the basics to train effective journalists in a shifting landscape _cGina Baleria |
||
| 260 |
_aNew York _bRoutledge _cc2022. |
||
| 300 |
_aviii, 272 pages ; _c26cm. |
||
| 504 | _aIncludes bibliographical references, glossary, and index. | ||
| 650 | _aJournalism--handbooks, manuals, etc. | ||
| 650 | _aJournalism--vocational guides. | ||
| 942 |
_2lcc _cBK |
||
| 999 |
_c365837 _d365837 |
||